Pomáhame našim pracujúcim oboznamovať sa so sovietskymi skúsenosťami

Správa o transformácii Slovenského ústavu pre technickú a hospodársku dokumentáciu v Bratislave na Slovenský ústav pre technické a ekonomické informácie a o jeho činnosti, vydávaní referátových časopisov, príprave rešerší, prekladovej službe a spolupráci ústavu s odbornými časopismi...

Full description

Bibliographic Details
Main Author: Kántor, Štefan, 1915-1956 (Author)
Format: Article
Language:Slovak
Subjects:
Online Access:plný text

MARC

LEADER 00000nab a2200000 4500
001 vtls008694472
003 SK-MaSNL
005 20260304134445.0
008 250505 1953 xo p 000 0 slo
015 |a SNBRRBDKK190120XX 
035 |a (urnnbn)urn:nbn:sk:snk:ar-001t9a 
035 |a urn:nbn:sk:snk-abc00s 
035 |a (uuid)c0d3df85-1f3f-4117-b952-f432233824cc 
040 |a SNKBUCL  |b slo  |c SNKBUCL  |e AACR2 
041 0 |a slo 
044 |a xo  |c SK 
080 |a 027.081  |2 1997 
100 1 |a Kántor, Štefan,  |d 1915-1956  |4 aut  |9 200191 
245 1 0 |a Pomáhame našim pracujúcim oboznamovať sa so sovietskymi skúsenosťami  |c Štefan Kántor 
520 2 |a Správa o transformácii Slovenského ústavu pre technickú a hospodársku dokumentáciu v Bratislave na Slovenský ústav pre technické a ekonomické informácie a o jeho činnosti, vydávaní referátových časopisov, príprave rešerší, prekladovej službe a spolupráci ústavu s odbornými časopismi 
610 2 7 |a Slovenský ústav pre technické a ekonomické informácie  |a Bratislava, Slovensko  |2 snkbudkk  |9 348097 
773 0 |t Čitateľ : mesačník pre prácu s čitateľmi  |g Roč. 2, č. 10 (1953), s. 329 
850 |a Slovenská národná knižnica 
852 |a Slovenská národná knižnica 
856 4 1 |u http://www.viks.sk/dkk/citatel1953_329a.doc  |y plný text 
910 |a bdkk  |a memoriask 
954 |a odborná, vedecká literatúra pôvodná (slovenská)  |2 lita 
958 |a article15 
958 |a OND 
958 |a EUIPO 
999 |c 2906889  |d 2908819